Government 3.0 - Next generation government technology infrastructure and services: (Record no. 6774)

MARC details
000 -LEADER
fixed length control field 00840nam a22002417a 4500
003 - CONTROL NUMBER IDENTIFIER
control field OSt
005 - DATE AND TIME OF LATEST TRANSACTION
control field 20220107122859.0
008 - FIXED-LENGTH DATA ELEMENTS--GENERAL INFORMATION
fixed length control field 200317b xxu||||| |||| 00| 0 eng d
020 ## - INTERNATIONAL STANDARD BOOK NUMBER
International Standard Book Number 9783319637419
040 ## - CATALOGING SOURCE
Transcribing agency IIITMK
082 ## - DEWEY DECIMAL CLASSIFICATION NUMBER
Classification number 351 OJO/G
100 ## - MAIN ENTRY--PERSONAL NAME
Personal name Ojo, Adegboyega (Eds.)
9 (RLIN) 17884
245 ## - TITLE STATEMENT
Title Government 3.0 - Next generation government technology infrastructure and services:
Remainder of title Roadmaps, enabling technologies & challenges
Statement of responsibility, etc. Adegboyega Ojo
260 ## - PUBLICATION, DISTRIBUTION, ETC.
Place of publication, distribution, etc. Switzerland,
Name of publisher, distributor, etc. Springer,
Date of publication, distribution, etc. 2017.
300 ## - PHYSICAL DESCRIPTION
Extent xviii, 363p.
440 ## - SERIES STATEMENT/ADDED ENTRY--TITLE
Title Public administration and information technology
9 (RLIN) 17885
650 ## - SUBJECT ADDED ENTRY--TOPICAL TERM
Topical term or geographic name entry element E-GOVERNANCE
9 (RLIN) 18150
650 ## - SUBJECT ADDED ENTRY--TOPICAL TERM
Topical term or geographic name entry element PUBLIC ADMINISTRATION
9 (RLIN) 18151
650 ## - SUBJECT ADDED ENTRY--TOPICAL TERM
Topical term or geographic name entry element PUBLIC ADMINISTRATION AND INFORMATION TECHNOLOGY
9 (RLIN) 18152
650 ## - SUBJECT ADDED ENTRY--TOPICAL TERM
Topical term or geographic name entry element GOVERNMENT 3.0
9 (RLIN) 18153
700 ## - ADDED ENTRY--PERSONAL NAME
Personal name Millard, Jeremy
9 (RLIN) 17886
942 ## - ADDED ENTRY ELEMENTS (KOHA)
Source of classification or shelving scheme Dewey Decimal Classification
Koha item type Books
Holdings
Withdrawn status Lost status Source of classification or shelving scheme Damaged status Not for loan Collection code Home library Current library Shelving location Date acquired Cost, normal purchase price Total Checkouts Total Renewals Full call number Barcode Date last seen Date last checked out Price effective from Koha item type
    Dewey Decimal Classification     E-Governance Kerala University of Digital Sciences, Innovation and Technology Knowledge Centre Kerala University of Digital Sciences, Innovation and Technology Knowledge Centre Economics 17/03/2020 7872.00 5 4 351 OJO/G 5694 18/11/2025 11/07/2025 17/03/2020 Books